Planning estimating and scheduling of 64 x BOQs at Risalpur (Record no. 550833)
[ view plain ]
| 000 -LEADER | |
|---|---|
| fixed length control field | 00394nam a22001457a 4500 |
| 082 ## - DEWEY DECIMAL CLASSIFICATION NUMBER | |
| Classification number | P-522 |
| 100 ## - MAIN ENTRY--PERSONAL NAME | |
| Personal name | Iqbal |
| 9 (RLIN) | 17522 |
| 245 ## - TITLE STATEMENT | |
| Title | Planning estimating and scheduling of 64 x BOQs at Risalpur |
| 260 ## - PUBLICATION, DISTRIBUTION, ETC. | |
| Place of publication, distribution, etc. | MCE |
| Date of publication, distribution, etc. | 2013 |
| 300 ## - PHYSICAL DESCRIPTION | |
| Extent | P-127 |
| 526 ## - STUDY PROGRAM INFORMATION NOTE | |
| Program name | 0 |
| Interest level | 0 |
| Reading level | 0 |
| Title point value | P_522 |
| 650 ## - SUBJECT ADDED ENTRY--TOPICAL TERM | |
| Topical term or geographic name entry element | Iqbal, Mohsin Zamir, Haseeb Ahmed, Kashif Latif |
| 9 (RLIN) | 47658 |
| 700 ## - ADDED ENTRY--PERSONAL NAME | |
| Personal name | Sohail Malik |
| 9 (RLIN) | 47659 |
| 942 ## - ADDED ENTRY ELEMENTS (KOHA) | |
| Source of classification or shelving scheme | |
| Koha item type | Book |
| Withdrawn status | Lost status | Source of classification or shelving scheme | Damaged status | Not for loan | Permanent Location | Current Location | Date acquired | Total Checkouts | Full call number | Barcode | Date last seen | Date last checked out | Price effective from | Koha item type | Public note |
|---|---|---|---|---|---|---|---|---|---|---|---|---|---|---|---|
| Military College of Engineering (MCE) | Military College of Engineering (MCE) | 11/26/2014 | 2 | P-522 | MCE-P-522 | 06/07/2016 | 10/08/2015 | 11/26/2014 | Book | Project |
